000 01222cam a22003371 4500
001 10255
003 BD-RjUL
005 20211208234924.0
008 140123s1941 nyua b 000 0 eng
035 _a(BD-RjUL)10303
035 _a(OCoLC)551809
040 _aDLC
_cODaWU
_dOCoLC
_dDLC
_dBD-RjUL
_beng
041 _aeng
082 _a541.39
_bGLT
100 1 _aGlasstone, Samuel,
_d1897-1986.
_931611
245 1 4 _aThe theory of rate processes;
_bthe kinetics of chemical reactions, viscosity, diffusion and electrochemical phenomena,
_cby Samuel Glasstone, Keith J. Laidler and Henry Eyring ...
250 _a1st ed.
260 _aNew York ;
_aLondon :
_bMcGraw-Hill Book Company, inc.,
_c1941.
300 _aix, 611 p. :
_c24 cm.
_billus. ;
504 _aBibliographical foot-notes.
650 0 _aQuantum theory.
_931689
650 0 _aChemical kinetics.
_931690
650 0 _aChemical reaction, Conditions and laws of.
_930099
700 1 _aLaidler, Keith James,
_d1916-
_ejoint author.
_931691
700 1 _aEyring, Henry,
_d1901-1981,
_ejoint author.
_931614
740 0 _aRate processes.
942 _2ddc
_cBK
999 _c10255
_d10255